Every Blook Available In Blooket - Statistics

General Stats
  • This quiz has been taken 297 times
  • The average score is 33 of 151
Answer Stats
Rarity Blook % Correct
Legendary King
64%
Common Cat
54%
Common Chick
53%
Rare Queen
51%
Legendary Astronaut
46%
Common Dog
46%
Common Cow
45%
Legendary King Of Hearts
43%
Common Chicken
39%
Legendary Ghost
36%
Epic Unicorn
36%
Legendary Lion
35%
Legendary Baby Shark
34%
Legendary Megalodon
34%
Common Pig
34%
Uncommon Alien
33%
Uncommon Witch
33%
Rare Dragon
32%
Rare Jester
32%
Epic Pizza
32%
Uncommon Queen Of Hearts
32%
Epic Spaceship
32%
Rare UFO
32%
Rare Planet
31%
Uncommon Alice
30%
Chroma Rainbow Panda
30%
Common Duck
29%
Epic French Toast
29%
Common Horse
29%
Uncommon Milk
29%
Uncommon Panda
29%
Chroma Red Astronaut
29%
Uncommon Elf
28%
Uncommon Frog
28%
Common Puppy
28%
Uncommon Toast
28%
Uncommon Wizard
28%
Uncommon Earth
27%
Epic Narwhal
27%
Legendary Santa Claus
27%
Uncommon Slime Monster
27%
Uncommon Fairy
26%
Common Goat
26%
Epic Mad Hatter
26%
Legendary Mega Bot
26%
Uncommon Drink Me
24%
Uncommon Eat Me
24%
Rare Pancakes
24%
Chroma Pink Astronaut
24%
Common Sheep
24%
Uncommon Stars
24%
Common Tiger
24%
Rare Waffle
24%
Rare Elephant
23%
Common Kitten
23%
Uncommon Lovely Bot
23%
Uncommon Old Boot
23%
Uncommon Zebra
23%
Uncommon Breakfast Combo
22%
Common Fox
22%
Uncommon Happy Bot
22%
Uncommon Orange Juice
22%
Epic Brainy Bot
21%
Epic Caterpillar
21%
Uncommon Cereal
21%
Uncommon Crab
21%
Common Goldfish
21%
Chroma Green Astronaut
21%
Uncommon Jellyfish
21%
Uncommon Meteor
21%
Common Rabbit
21%
Mystical Rainbow Astronaut
21%
Common Turtle
21%
Uncommon Two Of Spades
21%
Rare White Rabbit
21%
Common Bear
20%
Uncommon Clownfish
20%
Rare Dormouse
20%
Uncommon Flamingo
20%
Uncommon Lil Bot
20%
Common Moose
20%
Chroma Orange Astronaut
20%
Common Owl
20%
Rare Peacock
20%
Mystical Phantom King
20%
Rare Pufferfish
20%
Epic Snowman
20%
Rare Watson
20%
Epic Werewolf
20%
Chroma Yellow Astronaut
20%
Uncommon Angry Bot
19%
Epic Chameleon
19%
Rare Cheshire Cat
19%
Common Hamster
19%
Chroma Lovely Frog
19%
Rare Octopus
19%
Common Penguin
19%
Uncommon Pumpkin
19%
Mystical Tim The Alien
19%
Chroma Black Astronaut
18%
Rare Blobfish
18%
Rare Buddy Bot
18%
Chroma Lucky Frog
18%
Uncommon Yogurt
18%
Rare Zombie
18%
Common Anaconda
17%
Chroma Cyan Astronaut
16%
Common Parrot
16%
Uncommon Sloth
16%
Uncommon Snow Globe
16%
Rare Lemur
15%
Mystical Spooky Ghost
15%
Chroma Brown Astronaut
14%
Chroma Lime Astronaut
14%
Common Orangutan
14%
Common Panther
14%
Common Polar Bear
14%
Common Raccoon
14%
Uncommon Tenrec
14%
Chroma Spooky Pumpkin
13%
Uncommon Vampire
13%
Common Baby Penguin
12%
Rare Gingerbread Man
12%
Common Jaguar
12%
Rare Mummy
12%
Common Toucan
12%
Common Walrus
12%
Common Arctic Fox
11%
Rare Gingerbread House
11%
Common Hedgehog
11%
Common Macaw
11%
Common Seal
11%
Chroma Spooky Mummy
11%
Common Squirrel
11%
Uncommon Swamp Monster
11%
Common Arctic Hare
10%
Common Cockatoo
10%
Uncommon Frankenstein
10%
Chroma Tropical Globe
10%
Chroma Agent Owl
9%
Common Capuchin
9%
Uncommon Holiday Gift
9%
Uncommon Holiday Wreath
9%
Uncommon Hot Chocolate
9%
Chroma Frost Wreath
8%
Chroma Spring Frog
8%
Chroma Haunted Pumpkin
7%
Chroma Master Elf
7%
Common Snowy Owl
7%
Chroma Tiger Zebra
7%
Chroma White Peacock
6%
No matching quizzes found
Score Distribution
Percent of People with Each Score
Percentile by Number Answered
Your Score History
You have not taken this quiz